000 00821cam a22002531 4500
001 sa 67005447
003 DLC
005 20260227112357.0
008 890804s1963 np j 000 0 sano
010 _asa 67005447
035 _a(OCoLC)20127909
040 _aDLC
_cWaU
_dDLC
042 _apremarc
050 0 0 _aCS1209
_b.S4 1963
100 1 _aRājavaṃśī, Śaṅkaramāna,
_d1925-
245 1 0 _aSena-vaṃśāvalī.
260 _c[1963/64]
300 _a3, 40, 2 p.
_bgeneal. tables.
_c25 cm.
500 _aIncludes Bhavadattas̕ Ratnasenakula vaṃśamuktāvalī and Gaṅgāviṣṇus̕ Senavamśāvalī.
500 _aIn Sanskrit; introductory matter in Nepali.
600 3 0 _aSen family.
700 0 _aBhavadatta.
_tRatnasenakula vaṃśamuktāvalī.
700 0 _aGanǵāviṣṇu.
_tSenavaṃśāvalī.
999 _c75212
_d75212